Statistics for NHL Names by Clue

Click here to take the quiz!

General Stats

  • This quiz has been taken 13 times
  • The average score is 26 of 32

Answer Stats

HintAnswer% Correct
Typhoon, Cyclone, etcCarolina Hurricanes
100%
Oil KingsEdmonton Oilers
100%
Prequel to ThunderTampa Bay Lightning
100%
Mighty MallardsAnaheim Ducks
92%
Mountain SnowstormColorado Avalanche
92%
Motor CityDetroit Red Wings
92%
"Your Majesty"L. A. Kings
92%
North American CaninesArizona Coyotes
85%
Lions, Tigers, andBoston Bruins
85%
FireCalgary Flames
85%
The Windy CityChicago Blackhawks
85%
Union UniformColumbus Blue Jackets
85%
Swamp PumasFlorida Panthers
85%
Away from the CityMinnesota Wild
85%
SabertoothNashville Predators
85%
Flightless TuxedoPittsburgh Penguins
85%
W. C. Handy TuneSt. Louis Blues
85%
Kingdom DefendersVegas Golden Knights
85%
AirplanesWinnipeg Jets
85%
Stellar CowboysDallas Stars
77%
Biblical TemptationNew Jersey Devils
77%
Open OceanNew York Islanders
77%
On the Island ItselfNew York Rangers
77%
Oracle's NamesakePhiladelphia Flyers
77%
Red, Green, GoneToronto Maple Leafs
77%
CanadiansVancouver Canucks
77%
First Word UppercaseWashington Capitals
77%
E for AMontreal Canadiens
69%
Caps of the NorthOttawa Senators
69%
CartilageSan Jose Sharks
69%
Sailors' WoeSeattle Kraken
62%
Add Light for Another WeaponBuffalo Sabers
54%

Score Distribution

Percentile by Number Answered

Percent of People with Each Score

Your Score History

You have not taken this quiz